The church in God's program | (Record no. 1171)

MARC details
000 -LEADER
fixed length control field 00652nam a2200241 4500
001 - CONTROL NUMBER
control field 3127950
003 - CONTROL NUMBER IDENTIFIER
control field GBCCL
005 - DATE AND TIME OF LATEST TRANSACTION
control field 20241126110355.0
008 - FIXED-LENGTH DATA ELEMENTS--GENERAL INFORMATION
fixed length control field 720717s1972 ilu b 001 0 eng
010 ## -
-- 70175496
020 ## - INTERNATIONAL STANDARD BOOK NUMBER
International Standard Book Number 0802415474
040 ## - CATALOGING SOURCE
Original cataloging agency DLC
Transcribing agency DLC
Modifying agency DLC
050 00 -
-- BV600.2
-- .S27
082 00 - DEWEY DECIMAL CLASSIFICATION NUMBER
Classification number 262.7
Item number SAU
100 1# - MAIN ENTRY--PERSONAL NAME
Personal name Saucy, Robert L.
9 (RLIN) 2153
245 14 - TITLE STATEMENT
Title The church in God's program |
Statement of responsibility, etc. Robert L. Saucy.
260 ## - PUBLICATION, DISTRIBUTION, ETC.
Place of publication, distribution, etc. Chicago,
Name of publisher, distributor, etc. Moody Press
Date of publication, distribution, etc. [1972]
300 ## - PHYSICAL DESCRIPTION
Extent 254 p.
Dimensions 23 cm.
504 ## - BIBLIOGRAPHY, ETC. NOTE
Bibliography, etc. note Bibliography: p. 235-245.
650 #0 - SUBJECT ADDED ENTRY--TOPICAL TERM
Topical term or geographic name entry element Church.
9 (RLIN) 263
906 ## - LOCAL DATA ELEMENT F, LDF (RLIN)
a 7
b cbc
c orignew
d 2
e ncip
f 19
g y-gencatlg
942 ## - ADDED ENTRY ELEMENTS (KOHA)
Source of classification or shelving scheme Dewey Decimal Classification
Koha item type Books
Koha issues (borrowed), all copies 18
Holdings
Withdrawn status Lost status Source of classification or shelving scheme Damaged status Not for loan Home library Current Library Shelving location Date acquired Total checkouts Total renewals Full call number Barcode Date last seen Date last checked out Copy number Price effective from Koha item type
    Dewey Decimal Classification     GRACE BIBLE COLLEGE GRACE BIBLE COLLEGE Ministry & Mission 2017-04-18 6 2 262.7 SAU 005930 2025-05-01 2019-09-06 c.1 2017-04-18 Books
    Dewey Decimal Classification     GRACE BIBLE COLLEGE GRACE BIBLE COLLEGE Ministry & Mission 2017-04-18 9 3 262.7 SAU 014001 2025-05-01 2023-02-16 c.3 2017-04-18 Books
    Dewey Decimal Classification     GRACE BIBLE COLLEGE GRACE BIBLE COLLEGE Ministry & Mission 2017-04-18 6 1 262.7 SAU 014000 2025-05-01 2018-10-05 c.2 2017-04-18 Books
© Grace Bible College Library 2025